000 00375 a2200133 4500
005 20250629094910.0
020 _a0-13-145757-8
082 _a658.8 KOT
100 _aKOTLLER, P
245 _aMarketing Management
260 _aNew York,
_bPrentice Hall,
_c2006.
300 _a816p.: ill.; figure, picture, table,
_bglossary, index & references,
_c27cm.
942 _2ddc
_cBKS
999 _c6240
_d6240